Tratado de electricidad

Guardat en:
Dades bibliogràfiques
Autor principal: Dawes, Chester Laurens (Autor)
Format: Llibre
Idioma:espanyol
Publicat: Barcelona G. Gili 1962
Edició:3a. ed
Matèries:
Etiquetes: Afegir etiqueta
Sense etiquetes, Sigues el primer a etiquetar aquest registre!

MARC

LEADER 00000nam a2200000 a 4500
001 UCU5696
003 CL-VaPUC
008 960604e19620000SP |||||||||||||||||spa|d
082 0 4 |a 621.3  |b DAW  |2 21 
100 0 |a Dawes, Chester Laurens  |e author  |9 363642 
245 1 0 |a Tratado de electricidad 
250 |a 3a. ed 
300 |a 2 v 
942 |c BK 
945 |d 19960604 00:00:00  |a paguirre 
260 |a Barcelona  |b G. Gili  |c 1962 
500 |a v.1: Corriente continua 
500 |a v.2: Corriente alterna 
650 7 |a CORRIENTES CONTINUAS  |2 CL-VaPUC  |9 324433 
650 7 |a CORRIENTES ALTERNAS  |2 CL-VaPUC  |9 263344 
650 0 |a Electricidad  |9 260222 
650 0 |a Circuitos eléctricos   |9 260262 
650 7 |a CARGA ELECTRICA  |2 CL-VaPUC  |9 360158 
650 0 |a Propagación de ondas  |9 263256 
650 7 |a TECNOLOGIA ELECTRICA  |2 CL-VaPUC  |9 336952 
583 |a last modification  |c 19960604 00:00:00  |k Rodrigo Vera 
999 |c 248901  |d 248899 
952 |0 0  |1 0  |4 0  |6 621_300000000000000_DAW_1962  |7 0  |8 A  |9 265837  |a BIBING  |b BIBING  |d 2019-11-19  |h v.2  |i 1663062  |o 621.3 DAW 1962  |p 1663062  |r 2023-03-02  |w 2019-11-19  |y BK  |k ING